000 01002nam a2200241 a 4500
003 DO-SdBNP
005 20260526112814.0
007 ta
008 221031e2000 dr ad||er|||| 001 0 spa d
040 _aDO-SdBNP
_bspa
_cBNPHU
082 4 _222
_bA577g
245 1 0 _aGuía del área de lengua española para la educación de adultos / as. /
_cAltagracia Andújar, María E. Milqueya Rodríguez C.
246 1 4 _aOrientacion curicular de lengua española para educadores y educadoras de personas jóvenes y adultas.
260 _aSanto Domingo :
_bSecretaría de Estado de Educación y Cultura,
_c2000
300 _a64 p. :
_bgráf.
_c22 cm.
590 _aInventariado 2022 / MF
650 0 _aEducación de adultos
_zRepública Dominicana
_91479
650 4 _928080
_aLengua Española
_xGuía
_xRepública Dominicana
700 1 _aRodríguez C., María E. Milqueya
_982616
710 1 _aRepública Dominicana.
_bSecretaría de Estado de Educación y Cultura
_918697
910 _aMFeliz
942 _2ddc
_cLBS1
999 _c52684
_d52684